| 000 | 01611nam a2200373 4500 | ||
|---|---|---|---|
| 003 | OSt | ||
| 005 | 20260530115321.0 | ||
| 008 | 260520b1966 xxua|||| |||| 00| 0 eng d | ||
| 020 | _a9519750983 | ||
| 040 |
_aICI _bspa _cICI |
||
| 041 | 1 | _aeng | |
| 050 | 4 |
_aNK2635.F53 _bA372 2003 |
|
| 100 | 1 |
_aAarnio, Eero, _d1932- _eautor _93534 |
|
| 245 | 1 | 0 |
_aOleta pyöreä tuoli : _bEero Aarnion 60-luku Assume a round chair : Eero Aarnio and the 60's / _ckirjan toimitus/editorial work, Harri Kalha ; käännökset/translation, Silja Kudel, Tomi Snellman ; kuvat/photo credits, Maria Appelberg, Susanna Santala |
| 246 | 3 | 1 | _aAssume a round chair : Eero Aarnio and the 60's |
| 246 | 3 | 0 | _aEero Aarnion 60-luku |
| 246 | 3 | 0 | _aEero Aarnio and the 60' |
| 250 |
_aToinen painos _bSecond edition |
||
| 264 | 1 |
_aHelsinki : _bHelsingin Taidehalli = Kunsthalle Helsinki, _c2003 |
|
| 300 |
_a117 páginas : _bilustraciones (principalmente a color), retratos |
||
| 336 |
_2rdacontent _atexto |
||
| 337 |
_2rdamedia _asin medio |
||
| 338 |
_2rdacarrier _avolumen |
||
| 490 | 0 |
_aTaidehallin julkaisusarja, _vnro. 1 |
|
| 500 | _aPublicado con motivo de una exposición realizada en el Helsinki Kunsthalle, del 12 de junio al 10 de agosto de 2003 | ||
| 600 | 1 | 4 |
_aAarnio, Eero, 1932- _93534 |
| 600 | 1 | 4 |
_aAarnio, Eero, 1932- _xCrítica e interpretación _934458 |
| 700 | 1 |
_aKalha, Harri, _eeditor _934459 |
|
| 700 | 1 |
_aKudel, Silja, _etraductor _934460 |
|
| 700 | 1 |
_aSnellman, Tomi, _etraductor _934461 |
|
| 700 | 1 |
_aAppelberg, Maria, _eilustrador _934462 |
|
| 700 | 1 |
_aSantala, Susanna, _eilustrador _934463 |
|
| 942 |
_2lcc _n1 _cBK |
||
| 999 |
_c13800 _d13800 |
||